| 000 | 00713nam a22001817a 4500 | ||
|---|---|---|---|
| 003 | BD-DhUL | ||
| 005 | 20161101094851.0 | ||
| 008 | 161101b1995 ii ||||| |||| 00| 0 ben d | ||
| 040 |
_aBD-DhUL _cBD-DhUL |
||
| 082 |
_a895.9509 _bHES |
||
| 100 | _aহেমবরম, পরিমল | ||
| 245 |
_aসাঁওতালি সাহিত্যের সংক্ষিপ্ত পরিচয় / _cপরিমল হেমবরম |
||
| 260 |
_aমেদিনীপুর : _bমারাংবুবু, _c১৯৯৫ । |
||
| 300 |
_a [৪], ৮০ পৃ. ; _c২২ সেমি. |
||
| 650 | _aসাঁওতালি সাহিত্য | ||
| 650 | _aSantali literature | ||
| 942 |
_2ddc _cBK |
||
| 999 |
_c118503 _d118503 |
||